| 000 | 00455 a2200133 4500 | ||
|---|---|---|---|
| 999 |
_c7593 _d7593 |
||
| 020 | _a9171064990 | ||
| 050 | _aDT3232DEM2002 | ||
| 245 |
_aA democracy of chameleons : _b politics and culture in the New Malawi / _cedited by Harri Englund |
||
| 264 |
_aUppsala, Sweden : _bDistributor in North America, Transaction Publishers, _c2002 |
||
| 300 | _a206p. : | ||
| 500 | _aincludes index | ||
| 650 | _aPolitics and government. | ||
| 942 |
_2lcc _cBK _h3232 _iDEM _kDT |
||